El centro de educación especial: otra vía de integración: planificación y organización
Guardat en:
| Autor principal: | |
|---|---|
| Format: | Llibre |
| Idioma: | espanyol |
| Publicat: |
Madrid
Escuela Española
1989
|
| Matèries: | |
| Etiquetes: |
Afegir etiqueta
Sense etiquetes, Sigues el primer a etiquetar aquest registre!
|
MARC
| LEADER | 00000nam a2200000 a 4500 | ||
|---|---|---|---|
| 001 | UCQ1009 | ||
| 003 | CL-VaPUC | ||
| 008 | 980703e19890000SP |||||||||||||||||spa|d | ||
| 082 | 0 | 4 | |a 371.92 |b LOP |2 21 |
| 100 | |a López Sepúlveda, Carmen |e autora |9 414510 | ||
| 245 | 1 | 3 | |a El centro de educación especial: otra vía de integración: planificación y organización |
| 300 | |a 237 p | ||
| 942 | |c BK | ||
| 945 | |d 19980703 00:00:00 |a aalvarez | ||
| 260 | |a Madrid |b Escuela Española |c 1989 | ||
| 650 | 0 | |a Educación especial |9 307486 | |
| 650 | 7 | |a CENTROS DE EDUCACION ESPECIAL |2 CL-VaPUC |9 340792 | |
| 650 | 0 | |a Organización |9 256369 | |
| 583 | |a last modification |c 19980703 00:00:00 |k Rodrigo Vera | ||
| 999 | |c 272021 |d 272019 | ||
| 952 | |0 0 |1 0 |4 0 |6 371_920000000000000_LOP_1989 |7 0 |8 A |9 306845 |a BIBEDU |b BIBEDU |d 2019-11-20 |i 344015K |o 371.92 LOP 1989 |p 344015K |r 2019-11-20 |w 2019-11-20 |y BK |k BME | ||